书目信息 |
| 题名: |
通用桥式和门式起重机
|
|
| 作者: | 赵国君 , 吴锡忠 编 | |
| 分册: | ||
| 出版信息: | 北京 机械工业出版社 1989.11 |
|
| 页数: | 223页 | |
| 开本: | 19厘米 | |
| 丛书名: | 起重机运输机械使用与维修丛书 | |
| 单 册: | ||
| 中图分类: | TH215 | |
| 科图分类: | ||
| 主题词: | ||
| 电子资源: | ||
| ISBN: | 7-111-01617-3 | |
| 000 | 00776cam2 2200253 450 | |
| 001 | 0100293349 | |
| 005 | 20060519102838.0 | |
| 010 | @a7-111-01617-3@dCNY6.00 | |
| 011 | @a7-111-01617-3 | |
| 100 | @a19911017d1989 m y0chiy0110 ea | |
| 101 | 0 | @achi |
| 102 | @aCN@b110000 | |
| 105 | @ay z 000yy | |
| 106 | @ar | |
| 200 | 1 | @a通用桥式和门式起重机@9Tong Yong Qiao Shi He;Huo;Hu Men Shi Qi Zhong;Chong Ji @f赵国君,吴锡忠编@b专著 |
| 210 | @a北京@c机械工业出版社@d1989.11 | |
| 215 | @a223页@d19厘米 | |
| 225 | 2 | @a起重机运输机械使用与维修丛书 |
| 410 | 0 | @12001 @a起重机运输机械使用与维修丛书 |
| 690 | @aTH215@v1980 | |
| 701 | 0 | @a赵国君@9zhao guo jun@4编 |
| 701 | 0 | @a吴锡忠@9wu xi zhong@4编 |
| 801 | 0 | @aCN@bAiZhiMarc@c19911017 |
| 905 | @aBZT@dTH215@e2@f1@sTH215/2 | |
| 通用桥式和门式起重机/赵国君,吴锡忠编.-北京:机械工业出版社,1989.11 |
| 223页;19厘米.-(起重机运输机械使用与维修丛书) |
| ISBN 7-111-01617-3:CNY6.00 |
| ● |
| 相关链接 |
|
|
|
正题名:通用桥式和门式起重机
索取号:TH215/2
 
预约/预借
| 序号 | 登录号 | 条形码 | 馆藏地/架位号 | 状态 | 备注 |
| 1 | 2000079719 | 2000079719 | 旧书回溯/ [索取号:TH215/2] | 在馆 |